The impact of trade liberalization on employment, capital, and productivity dynamics: evidence from the Uruguayam manufacturing sector /
Na minha lista:
| Autor principal: | |
|---|---|
| Formato: | Desconhecido |
| Idioma: | English |
| Publicado em: |
Nueva York:
Banco Interamericano de Desarrollo,
|
| coleção: | Research network working paper
n° R-479 |
| Assuntos: | |
| Tags: |
Adicionar Tag
Sem tags, seja o primeiro a adicionar uma tag!
|
MARC
| LEADER | 00000 a2200000 04500 | ||
|---|---|---|---|
| 001 | 40349 | ||
| 003 | |||
| 008 | 050626s2004 nyu eng d | ||
| 040 | |||
| 090 | |a 0001 C334i | ||
| 100 | |a Casacuberta, Carlos | ||
| 245 | |a The impact of trade liberalization on employment, capital, and productivity dynamics: |b evidence from the Uruguayam manufacturing sector / |c Carlos Casacuberta ; Gabriela Fachola ; Néstor Gandelman | ||
| 260 | |a Nueva York: |b Banco Interamericano de Desarrollo, | ||
| 300 | |a 42 páginas : tablas, gráficos | ||
| 440 | |a Research network working paper |v n° R-479 | ||
| 600 | |a Fachola, Gabriela | ||
| 600 | |a Gandelman, Néstor | ||
| 999 | |c 11641 |d 11641 | ||
